| 000 | 02036ncm0a2200397 4500 | ||
|---|---|---|---|
| 001 | RU\NLR\ONIZ\215249 | ||
| 005 | 20250626044845.0 | ||
| 010 | _a5-691-01129-4 | ||
| 021 |
_aRU _b04-80 _904-03 |
||
| 035 | _aRU\NLR\ONIZ\Таня\5000003118\20161026161517 | ||
| 035 | _a(NLR Aleph) 011337604 | ||
| 071 | 2 | 0 | _aВ0063С |
| 090 |
_a11171594 _c11171594 |
||
| 100 | _a20161026d2003 |||y0rusy50 ca | ||
| 101 | 0 | _arus | |
| 102 | _aRU | ||
| 125 | _azx | ||
| 145 | 0 | _ac | |
| 200 | 1 |
_aЛирический альбом _bНоты _eвок. анс. рус. композиторов [в сопровожд. фп.] _eучеб.-метод. пособие для учащихся ДМШ муз. отд. ДШИ _fавт.-сост. Л. И. Чустова |
|
| 210 |
_aМосква _cВладос _d2003 |
||
| 215 |
_a112 с . _cпортр. _d29 см |
||
| 225 | 1 | _aБиблиотека ДМШ | |
| 300 | _aНа с. 4 обл. : биогр. справка | ||
| 313 | _aСистематизация документа проведена по изданию - Методика классифицирования музыкальных произведений (нотных изданий) по таблицам Библиотечно-библиографических классификаций : метод. рекомендации / Гос. б-ка СССР им. В.И. Ленина.- М., 1977. Индексу ББК методических рекомендаций присваивается код ББК для научных библиотек - LBC/SL | ||
| 686 |
_aЩ942.9(2Р) _vLBC/SL _2rubbk |
||
| 686 |
_aЩ942.0я43(28) _vLBC/SL _2rubbk |
||
| 701 | 1 |
_9z01790 _aЧустова _bЛ. И. _gЛариса Ивановна _4070 _4220 |
|
| 790 | 1 |
_9z01701 _aChustova _bL. I. _gLarisa Ivanovna _4070 _4220 |
|
| 801 | 0 |
_aRU _bNLR _c20161026 _gPSBO |
|
| 801 | 1 |
_aRU _bNLR _c20161026 _2rusmarc |
|
| 801 | 2 |
_aRU _bNLR _c20190630 |
|
| 852 |
_aNLR _bМ _jК-3/25504 _pМОЭ 2004-03/80 _t1 |
||
| 942 | _cSCORE | ||
| 980 | _aNB | ||
| 980 | _aONIZ | ||